000 00939nam a22002057a 4500
999 _c59234
_d59234
003 Ge_BSU
005 20221222112909.0
008 221222s1976ge xxu||||| |||| 00| 0 geo d
041 _ageo
080 _a821.111-32 გ-63
100 _aგოლზუორთი, ჯონ, 1867-1933, ავტორი.
_916024
245 _aპირველი და უკანასკნელი :
_b [მოთხრობები. თარგმ. ინგლ.] /
_cჯონ გოლზუორთი ; რედ. ალ.გამყრელიძე
250 _a1-ლი გამოც.
264 _aთბილისი :
_bმერანი,
_c1976.
300 _a498 გვ.:
_b22 სმ.
653 _aპირველი და უკანასკნელი
653 _aმოთხრობები
700 _aგამყრელიძე, ალ
_eრედაქტორი
_916040
942 _2udc
_cBK